|
|
|
|
| LEADER |
00000nam a2200000 a 4500 |
| 001 |
UCL7155 |
| 003 |
CL-VaPUC |
| 008 |
040507e18620000FR |||||||||||||||||fre|d |
| 082 |
0 |
4 |
|a 347.06
|b BON
|2 21
|
| 100 |
|
|
|a Bonnier, Edouard
|e author
|9 484958
|
| 245 |
1 |
0 |
|a Traité théorique et pratique des preuves en droit civil et en droit criminel
|
| 250 |
|
|
|a 3a. ed
|
| 300 |
|
|
|a v
|
| 942 |
|
|
|c BK
|
| 945 |
|
|
|d 20040507 00:00:00
|a cmena
|
| 260 |
|
|
|a París
|b A. Durand
|c 1862
|
| 650 |
|
0 |
|a Derecho procesal civil
|9 258071
|
| 650 |
|
7 |
|a DERECHO PENAL FRANCES
|2 CL-VaPUC
|9 484959
|
| 650 |
|
0 |
|a Procedimiento civil
|9 254870
|
| 650 |
|
0 |
|a Pruebas
|9 256249
|
| 650 |
|
0 |
|a Apreciación de la prueba
|9 254854
|
| 650 |
|
7 |
|a TESTIGOS
|2 CL-VaPUC
|9 484960
|
| 650 |
|
7 |
|a CONFESION
|2 CL-VaPUC
|9 314483
|
| 650 |
|
0 |
|a Prueba testimonial
|9 370024
|
| 583 |
|
|
|a last modification
|c 20040507 00:00:00
|k Rodrigo Vera
|
| 999 |
|
|
|c 309010
|d 309008
|
| 952 |
|
|
|0 0
|1 0
|4 0
|6 347_060000000000000_BON_1862
|7 0
|8 X
|9 376073
|a BIBDER
|b BIBDER
|d 2019-11-21
|h v.1
|i 4016009
|o 347.06 BON 1862
|p 4016009
|r 2023-01-25
|w 2019-11-21
|y BK_X
|k DER
|
| 952 |
|
|
|0 0
|1 0
|4 0
|6 347_060000000000000_BON_1862
|7 0
|8 X
|9 376074
|a BIBDER
|b BIBDER
|d 2019-11-21
|h v.2
|i 4016017
|o 347.06 BON 1862
|p 4016017
|r 2023-01-25
|w 2019-11-21
|y BK_X
|k DER
|